000 02751nam a2200373 a 4500
001 Z_6621
003 CHAP
005 20251023100651.0
007 ta
008 220113s2003 mx ad fr 001 0 spa d
010 _a169893
020 _a84-8476-085-5
040 _aZ
_cCHAP
041 0 _bEspañol
_fEspañol
082 0 0 _a630.25
_bF47 2003
_220
100 1 _aFernández Alés, Rocío
_940115
_eautor
245 1 0 _aEcología para la agricultura /
_cRocío Fernández Ales y María José Leiva Morales
264 1 _aEspaña :
_bMundi-Prensa,
_c2003
300 _a223 páginas :
_bilustraciones, gráficas, diagramas
336 _2rdacontent
_a texto
_btxt
337 _2rdamedia
_asin medio
_bn
338 _2rdacarrier
_avolumen
_bnc
500 _aej.1: consumo \ ej.2: consumo \ ej.3: S/N (sin sellos)
504 _aBibliografía: páginas 221 - 223
505 0 _aPrimera parte: Introducción -- 1. Ecología -- 2. El ecosistema -- 3. Ecosistemas agrarios -- 4. Agricultura e impacto ambiental -- Segunda parte: Estructura y función de ecosistemas y agroecosistemas -- 5. Producción primaria y biomasa vegetal -- 6. Producción secundaria y biomasa animal -- 7. Control de plagas -- 8. La materia orgánica muerta y su descomposición -- 9. Circulación de materia en el ecosistema -- 10. La energía en los agroecosistemas -- 11. Contaminación -- 12. Diversidad y biodiversidad -- 13. Cambios en el ecosistema. Sucesión y regresión -- 14. Paisajes agrarios -- Tercera parte: Agricultura y cambio global -- 15. Ciclos biogeoquímicos -- 16. El ciclo del agua -- Glosario -- Referencias bibliográficas.
520 2 _aEsta obra supone una síntesis rigurosa de una serie de aspectos fundamentales de la ecología asequibles a personas no especializadas en la materia pero que requieren de un conocimiento básico de la misma. Dentro del vasto campo de estudio que aborda la ecología, la obra se centra en los procesos que se dan en el ecosistema o a un nivel de organización superior (flujo de energía, ciclo de materiales, producción primaria y secundaria, diversidad y biodiversidad, sucesión, ciclos biogeoquímicos...), no entrando en materias como la autoecología de poblaciones, aspectos estos que se cubren bien en otros textos recientemente publicados en español. La obra se ha desarrollado dando un enfoque ecológico a la agricultura, una lectura desde la ecología de un quehacer humano que forma parte de un mundo mucho más complejo y que interacciona con él.
650 _aAgricultura
_x Aspectos ambientales
_9145387
650 _aEcología agrícola
_935165
700 1 _aLeiva Morales, María José
_9145388
_eautor
901 _a630.25 F47 2003
902 _aM
910 _a2003
942 _cLIBRO
_2ddc
999 _c169893
_d169893